000 00219 a2200097 4500
001 47588
100 _aStrategicus
245 _aTo stallingrad and alamuin
260 _aLondon
_bFaber & Faber
_c
090 _c30601
_d30601
942 _aNUST-CAE
_cM
_c22894
999 _c282661
_d282661